000 00683nam a2200229 a 4500
001 65820
003 BD-RjUL
005 20211209081452.0
008 170312s1959 -usa b 001 0 eng d
035 _a(BD-RjUL)65950
040 _aBD-RjUL
_cBD-RjUL
_dBD-RjUL
_beng
041 _aeng
082 _223
_a579.37
_bWAA 1959
100 1 _aWaksman, Selman A.
_q(Selman Abraham),
_d1888-1973.
_9194632
245 0 4 _aThe actinomycetes.
260 _aBaltimore :
_bWilliams & Wilkins,
_c1959.
300 _av. :
_bill. ;
_c27 cm.
504 _aIncludes bibliography and index
505 1 _av. 1. Nature, occurrence, and activities.
650 0 _aActinomycetales.
_9194633
942 _2ddc
_cBK
999 _c65820
_d65820